Score 0/250 Timer 20:00
0 Plays Today
Country Administrative division % Correct
Montenegro (municipalities)Bar
93.5%
Azerbaijan (divisions)Baku
91.3%
Hungary (county)Budapest
85.9%
Lebanon (governorates)Beirut
83.7%
Germany (states)Bavaria
83.7%
Germany (states)Berlin
83.7%
Switzerland (cantons)Basel-Landschaft
82.6%
Switzerland (cantons)Basel-Stadt
82.6%
Belgium (region)Brussels-Capital
81.5%
Burundi (provinces)Bujumbura Rural
80.4%
Mali (capital district)Bamako
80.4%
South Korea (metrop. city)Busan
80.4%
Burundi (provinces)Bujumbura Mairie
79.3%
Guinea Bissau (regions)Bissau
79.3%
Kyrgyzstan (divisions)Bishkek
79.3%
China (municipality)Beijing 北京市
79.3%
Thailand (divisions)Bangkok
78.3%
Romania (counties)București
78.3%
Switzerland (cantons)Bern
78.3%
Centr. Afr. R. (divisions)Bangui
77.2%
Iraq (governorates)Baghdad
77.2%
Belize (district)Belize
76.1%
Argentina (province)Buenos Aires
76.1%
Canada (province)British Columbia
76.1%
Spain (autonom. commun.)Basque Country
75%
Iraq (governorates)Basra
72.8%
Slovakia (regions)Bratislava
71.7%
Germany (states)Bremen
71.7%
Portugal (districts)Braga
70.7%
Germany (states)Baden-Württemberg
70.7%
Antigua &.B. (dependency)Barbuda
70.7%
Germany (states)Brandenburg
68.5%
Gambia (division)Banjul
67.4%
U.K. (overseas territory)Bermuda
66.3%
Malta (local councils)Birkirkara
65.2%
France (regions)Bourgogne - Franche Comté
65.2%
Bolivia (department)Beni
65.2%
Netherlands (constituent country)Bonaire
64.1%
Indonesia (provinces)Bali
63%
Turkey (provinces)Bursa
63%
Somalia (regions)Bay
62%
Spain (autonom. commun.)Balearic Islands
60.9%
France (regions)Brittany
60.9%
Bulgaria (provinces)Burgas
59.8%
Libya (districts)Benghazi
58.7%
U.K. (overseas territory)British Virgin Islands
58.7%
R.of.Congo (departments)Brazzaville
57.6%
Belarus (region)Brest
57.6%
Zimbabwe (province)Bulawayo
54.3%
Brazil (state)Bahia
52.2%
Russia (fed. districts)Bryansk
51.1%
Romania (counties)Brașov
50%
Somalia (regions)Bari
48.9%
India (state)Bihar
48.9%
Pakistan (province)Balochistan
48.9%
Austria (state)Burgenland
48.9%
Papua New.G. (region)Bougainville
48%
Italy (region)Basilicata
47.8%
Russia (fed. districts)Belgorod
46.7%
Mexico (states)Baja California
46.7%
Mexico (states)Baja California Sur
43.5%
Uzbekistan (province)Bukhara
42.4%
Turkey (provinces)Batman
41.3%
Colombia (department)Bolívar
40.2%
Ecuador (province)Bolívar
40.2%
Venezuela (states)Bolívar
40.2%
Tunisia (governorates)Béja
39.1%
Portugal (districts)Beja
39.1%
Angola (provinces)Bié
38%
Bosnia & H. (district)Brčko
37%
Cambodia (provinces)Battambang
34.8%
Russia (fed. districts)Buryatia
34.8%
Albania (county)Berat
34.8%
Turkmenistan (region)Balkan
33.7%
Afghanistan (provinces)Balkh
33.7%
Hungary (county)Békés
32.6%
Russia (fed. districts)Bashkortostan
31.5%
Nigeria (states)Borno
30.4%
Afghanistan (provinces)Badakhshan
29.3%
Bangladesh (division)Barisal
29.3%
Portugal (districts)Bragança
29.3%
Nigeria (states)Bauchi
28.3%
U.S.A. (minor outlying isl.)Baker Island
28.2%
Romania (counties)Bacău
27.2%
Country Administrative division % Correct
Chile (region)Bío Bío
27.2%
Romania (counties)Buzău
26.1%
New Zealand (region)Bay of Plenty
26.1%
Hungary (county)Bács-Kiskun
25%
Nigeria (states)Benue
23.9%
Hungary (county)Baranya
23.9%
Slovakia (regions)Banská Bystrica
23.9%
Norway (divisions)Bouvet Island
23.9%
Nicaragua (department)Boaco
23.9%
Colombia (department)Boyacá
23.9%
Guinea (region)Boké
22.8%
Kazakhstan (city)Baikonur
22.8%
Algeria (provinces)Béchar
21.7%
Bulgaria (provinces)Blagoevgrad
21.7%
D.R. Congo (provinces)Bas-Congo
20.7%
Romania (counties)Brăila
20.7%
Kiribati (island councils)Banaba
19.6%
Vietnam (provinces)Bắc Ninh
18.7%
Algeria (provinces)Blida
18.5%
Indonesia (provinces)Banten
18.5%
Myanmar (region)Bago
18.5%
Angola (provinces)Benguela
17.4%
Panama (province)Bocas del Toro
17.4%
Venezuela (states)Barinas
17.4%
Romania (counties)Bihor
17.3%
Liechtenstein (municipality)Balzers
16.3%
Philippines (region)Bicol
15.2%
San.Marino (municipality)Borgo Maggiore
15.2%
Liberia (counties)Bomi
14.1%
Turkey (provinces)Balıkesir
14.1%
Turkey (provinces)Bolu
14.1%
Eq. Guinea (provinces)Bioko Norte
13%
Eq. Guinea (provinces)Bioko Sur
13%
Algeria (provinces)Béjaïa
13%
Romania (counties)Botoșani
13%
Algeria (provinces)Batna
12%
Algeria (provinces)Biskra
12%
Tunisia (governorates)Bizerte
12%
Liberia (counties)Bong
12%
Afghanistan (provinces)Bamyan
12%
Turkey (provinces)Bitlis
12%
Romania (counties)Bistrița-Năsăud
12%
Turkey (provinces)Bilecik
10.9%
Turkey (provinces)Bingöl
10.9%
Cabo Verde (municipalities)Boa Vista
9.8%
Montenegro (municipalities)Budva
9.8%
Ghana (region)Brong-Ahafon
8.7%
Afghanistan (provinces)Baghlan
8.7%
Iraq (governorates)Babil
8.7%
Turkey (provinces)Bayburt
8.7%
Croatia (county)Bjelovar-Bilogora
8.7%
Guinea Bissau (regions)Bafatá
7.6%
Nigeria (states)Bayelsa
7.6%
Brunei (districts)Brunei-Muara
7.6%
Turkey (provinces)Bartın
7.6%
Nauru (districts)Boe
7.6%
Bahamas (districts)Bimini
7.6%
Guatemala (department)Baja Verapaz
7.6%
Paraguay (department)Boquerón
7.6%
Kenya (counties)Bomet
6.5%
Chad (regions)Borkou
6.5%
Algeria (provinces)Boumerdès
6.5%
Guinea Bissau (regions)Bolama
6.5%
Mongolia (provinces)Bayan-Ölgii
6.5%
Afghanistan (provinces)Badghis
6.5%
Bhutan (district)Bumthang
6.5%
Suriname (district)Brokopondo
6.5%
Burundi (provinces)Bubanza
5.4%
Algeria (provinces)Bouira
5.4%
Algeria (provinces)Bordj Bou Arréridj
5.4%
Egypt (governorates)Beheira
5.4%
Kyrgyzstan (divisions)Batken
5.4%
Iran (province)Bushehr
5.4%
Brunei (districts)Belait
5.4%
Indonesia (provinces)Bangka–Belitung Islands
5.4%
Indonesia (provinces)Bengkulu
5.4%
Turkey (provinces)Burdur
5.4%
Moldova (districts)Briceni
5.4%
Latvia (municipalities)Bauska
5.4%
Montenegro (municipalities)Berane
5.4%
Dominican Rep. (province)Barahona
5.4%
Vietnam (provinces)Bình Định
5.3%
Chad (regions)Batha
4.3%
Mongolia (provinces)Bayankhongor
4.3%
Country Administrative division % Correct
Mongolia (provinces)Bulgan
4.3%
Laos (province)Bokèo
4.3%
Thailand (divisions)Buriram
4.3%
Timor-Leste (districts)Baucau
4.3%
Croatia (county)Brod-Posavina
4.3%
Malta (local councils)Birżebbuġa
4.3%
Montenegro (municipalities)Bijelo Polje
4.3%
Angola (provinces)Bengo
3.3%
Burkina Faso (region)Boucle du Mouhoun
3.3%
Hungary (county)Borsod-Abaúj-Zemplén
3.3%
Sweden (county)Blekinge
3.3%
Malta (local councils)Balzan
3.3%
Malta (local councils)Birgu
3.3%
Bahamas (districts)Berry Islands
3.3%
Bahamas (districts)Black Point
3.3%
Dominican Rep. (province)Baoruco
3.3%
Guyana (region)Barima-Waini
3.3%
Vietnam (provinces)Bắc Giang
2.7%
Vietnam (provinces)Bắc Kạn
2.7%
Vietnam (provinces)Bến Tre
2.7%
Kenya (counties)Bungoma
2.2%
D.R. Congo (provinces)Bandundu
2.2%
Egypt (governorates)Beni Suef
2.2%
Sudan (state)Blue Nile
2.2%
Benin (department)Borgou
2.2%
Lebanon (governorates)Beqaa
2.2%
Moldova (districts)Basarabeasca
2.2%
Latvia (municipalities)Babīte
2.2%
Latvia (municipalities)Balvi
2.2%
Kiribati (island councils)Betio
2.2%
Vietnam (provinces)Bà Rịa–Vũng Tàu
1.3%
Vietnam (provinces)Bình Dương
1.3%
Vietnam (provinces)Bình Phước
1.3%
Vietnam (provinces)Bình Thuận
1.3%
Vietnam (provinces)Bạc Liêu
1.3%
Côte d'Ivoire (regions)Bafing
1.3%
Burundi (provinces)Bururi
1.1%
Ethiopia (region)Benishangul-Gumuz
1.1%
Kenya (counties)Baringo
1.1%
Kenya (counties)Busia
1.1%
Seychelles (districts)Bel Air
1.1%
Centr. Afr. R. (divisions)Basse-Kotto
1.1%
Lesotho (districts)Berea
1.1%
Lesotho (districts)Butha-Buthe
1.1%
Guinea Bissau (regions)Biombo
1.1%
Laos (province)Bolikhamxai
1.1%
Thailand (divisions)Bueng Kan
1.1%
Saudi Arabia (region)Bahah
1.1%
Latvia (municipalities)Baltinava
1.1%
Latvia (municipalities)Beverīna
1.1%
Latvia (municipalities)Brocēni
1.1%
Latvia (municipalities)Burtnieki
1.1%
Norway (divisions)Buskerud
1.1%
Malta (local councils)Bormla
1.1%
Madagascar (regions)Betsiboka
0%
Madagascar (regions)Boeny
0%
Madagascar (regions)Bongolava
0%
Seychelles (districts)Baie Lazare
0%
Seychelles (districts)Beau Vallon
0%
Seychelles (districts)Bel Ombre
0%
Somalia (regions)Bakool
0%
Somalia (regions)Banaadir
0%
Centr. Afr. R. (divisions)Bamingui-Bangoran
0%
Chad (regions)Bahr El Gazel
0%
R.of.Congo (departments)Bouenze
0%
Libya (districts)Butnan
0%
Tunisia (governorates)Ben Arous
0%
Cabo Verde (municipalities)Brava
0%
Côte d'Ivoire (regions)Bas-Sassandra
0%
Mauritania (region)Brakna
0%
Cambodia (provinces)Banteay Meanchey
0%
Timor-Leste (districts)Bobonaro
0%
Azerbaijan (divisions)Balakan
0%
Azerbaijan (divisions)Barda
0%
Azerbaijan (divisions)Beylagan
0%
Azerbaijan (divisions)Babek
0%
Jordan (governorate)Balqa
0%
Latvia (municipalities)Baldone
0%
Kiribati (island councils)Beru
0%
Nauru (districts)Baiti
0%
Nauru (districts)Buada
0%
U.K. (overseas territory)British Indian Ocean Territory
0%
Remove Ads.
Support Sporcle.
Get the best of Sporcle when you Go Orange. This ad-free experience offers more features, more stats, and more fun while also helping to support Sporcle. Thank you for becoming a member.

You're not logged in!

Compare scores with friends on all Sporcle quizzes.
OR
Log In

Show Comments

Extras

Top Quizzes Today


Score Distribution

Your Account Isn't Verified!

In order to create a playlist on Sporcle, you need to verify the email address you used during registration. Go to your Sporcle Settings to finish the process.

Report this User

Report this user for behavior that violates our Community Guidelines.

Details: